Nigeria journal of professional teachers (Record no. 38524)

MARC details
000 -LEADER
fixed length control field 00526nam a2200169Ia 4500
022 ## - INTERNATIONAL STANDARD SERIAL NUMBER
ISSN 07941412
050 ## - CALL MARK
Classification number LB 1025.3 .N54/
245 #0 - TITLE STATEMENT
Title Nigeria journal of professional teachers
260 ## - PUBLICATION, DISTRIBUTION, ETC. (IMPRINT)
Place of publication Abuja
260 ## - PUBLICATION, DISTRIBUTION, ETC. (IMPRINT)
Name of publisher Teachers Registration Council of Nigeria
260 ## - PUBLICATION, DISTRIBUTION, ETC. (IMPRINT)
Year of publication 2010
300 ## - PHYSICAL DESCRIPTION
Number of Pages v. ; 29 cm.
650 ## - SUBJECT ADDED ENTRY--TOPICAL TERM
Topical Term Teaching--Nigeria--Periodicals. Teachers--Training of--Nigeria--Periodicals. Education--Nigeria--Periodicals.
942 ## - ADDED ENTRY ELEMENTS (KOHA)
Koha item type Serials

No items available.